| 000 | 00369nam a2200133Ia 4500 | ||
|---|---|---|---|
| 008 | 240624s9999 xx 000 0 und d | ||
| 041 | _aeng | ||
| 082 | _a658.4012 MCG | ||
| 100 | _aMCGAHAN ANITA M | ||
| 245 | _aHOW INDUSTRIES EVOLVE PRINCIPLES FOR ACH | ||
| 260 |
_c2004 _aBoston _bHarvard Business School Press |
||
| 300 | _aix, : 272 : p. : 24 : cm. | ||
| 365 |
_c _b25 |
||
| 999 |
_c18337 _d18337 |
||